000 00317nam a2200145 a 4500
008 961031s1987||||xx 0 und c
040 _aSNK
_bslo
_cSNK
_eAACR2
100 1 _aFrýbová, Zdena
245 1 0 _aRobin
260 _aPraha
_bPráce
_c1987
300 _a195 s.
020 _c23
044 _aCZ
041 _acze
999 _c10699
_d10699